000 00862nas a2200289 4500
001 BR7900467
003 BR-BrBNA
005 20231205083618.0
007 ta
008 230509b bl.|||p| |||| 00| 00por d
040 _aBR-BrBNA
_bpor
_cBiblioteca Nacional de Agricultura
041 _a(Pt)
072 _aF60; K10
100 1 _aFerreira, M. das G.M.
100 1 _aCandido, J.F.
100 1 _aConde, A.R.
100 1 _aBrandi, R.M.
245 1 _aEfeito do sombreamento na producao de mudas de quatro especies florestais nativas; 1: germinacao
650 _aFISIOLOGIA VEGETAL
650 _aARVORE FLORESTAL
650 _aSOMBREAMENTO
650 _aGERMINACAO
650 _aMUDA
773 0 _tRevista Arvore (Brazil)
_xISSN 0100-6762
_g(Jan 1978), v. 2(1) p. 61-67
_wBR7900467
909 _a202311
_bLúcia
_c55
_dLúcia Elande
942 _2AGRIS
_n0
_cANA
999 _c100051
_d100051